Statistics for Last 8 teams In Rugby World Cup

Click here to take the quiz!

General Stats

  • This quiz has been taken 213 times
    (136 since last reset)
  • The average score is 12 of 13

Answer Stats

Team% Correct
Australia
100%
New Zealand
100%
England
99%
Scotland
99%
South Africa
98%
Wales
98%
France
96%
Ireland
96%
Argentina
91%
Japan
91%
Fiji
88%
Samoa
88%
Canada
74%

Score Distribution

Percentile by Number Answered

Percent of People with Each Score

Your Score History

You have not taken this quiz since the last reset